| Tag |
First Indicator |
Second Indicator |
Subfields |
| LEADER |
00000cam a2200000 4500 |
| 001 |
in00000058482 |
| 005 |
20151007082314.0 |
| 008 |
750130s1954 eng u |
| 010 |
|
|
|a 54013471
|
| 035 |
|
|
|a (OCoLC)01156790
|
| 035 |
|
|
|9 AAF7679AM
|
| 040 |
|
|
|c ITD
|d TXA
|d UtOrBLW
|
| 049 |
|
|
|a TXAM
|c [275788]
|
| 050 |
0 |
0 |
|a E185.6
|b .D35
|
| 082 |
0 |
|
|a 325.260973
|a 301.451*
|
| 090 |
|
|
|a E185.6
|b .D35 1954
|
| 092 |
|
|
|a 325.26
|b D263a
|
| 100 |
1 |
|
|a Davis, Robert E.
|
| 245 |
1 |
4 |
|a The American Negro's dilemma; the Negro's self-imposed predicament.
|
| 264 |
|
1 |
|a New York :
|b Philosophical Library,
|c [1954]
|
| 300 |
|
|
|a 147 pages ;
|c 22 cm.
|
| 336 |
|
|
|a text
|b txt
|2 rdacontent
|
| 337 |
|
|
|a unmediated
|b n
|2 rdamedia
|
| 338 |
|
|
|a volume
|b nc
|2 rdacarrier
|
| 650 |
|
0 |
|a African Americans
|x Economic conditions.
|
| 650 |
|
0 |
|a African Americans
|x Social conditions.
|
| 999 |
|
|
|a MARS
|
| 999 |
f |
f |
|s a1186583-dd38-3513-8f19-d740c96e4c32
|i bdf83732-4fe3-3607-b3dc-792d7401d506
|t 0
|
| 952 |
f |
f |
|p ric
|a Texas A&M University
|b Rellis Campus
|c Joint Library Facility
|d Remote Storage
|t 0
|e E185.6 .D35 1954
|h Library of Congress classification
|i unmediated -- volume
|m A14800669445
|
| 998 |
f |
f |
|a E185.6 .D35 1954
|t 0
|l Remote Storage
|